Estadísticas para Países más cercanos a Uganda

Haz click aquí para intentar la prueba.

Estadísticas generales

  • Esta prueba ha sido intentada 26 veces
  • La puntuación promedio es 18 de 20

Estadísticas de respuestas

kmpaís% Correcto
0Kenia
100%
414República
Centroafricana
100%
0Ruanda
100%
0Tanzania
100%
1287Congo
96%
195Etiopía
96%
0Rep Dem Congo
96%
589Sudán
96%
95Burundi
91%
1154Eritrea
91%
942Malaui
91%
1231Mozambique
91%
666Somalia
91%
816Zambia
91%
1522Camerún
87%
1205Chad
87%
0Sudán del Sur
87%
1143Yibuti
87%
1091Angola
70%
1397Yemen
48%

Distribución de puntuación

Porcentaje por número respondido

Porcentaje de gente con cada puntuación

Historial de tus puntuaciones

No has intentado esta prueba.